000 00454nam a2200157Ia 4500
008 100122s9999 xx 000 0 und d
082 _b61515
_aBM823.08
100 _aBLYTON ENID
245 _aTHE SECRET SEVEN (SECRET SEVEN WIN THROUGH)
250 _a0
260 _bHODDER CHILDREN`S BOOK
_c2000
300 _a122
630 _aTHE SECRET SEVEN (SECRET SEVEN WIN THROUGH)
730 _aTHE SECRET SEVEN (SECRET SEVEN WIN THROUGH)
942 _cBOOK
999 _c378342
_d378339